000 00295nam a22001337a 4500
008 170607b xxu||||| |||| 00| 0 eng d
020 _a9780805077032
041 _aeng
080 _a94
100 _a17
101 _aSHH
245 _aCHRONICLES OF UNJUST WAR
_cCARROLL.J
942 _2udc
_cBK
999 _c16237
_d16237